| 000 | 00713nam a2200217 i 4500 | ||
|---|---|---|---|
| 001 | 20537 | ||
| 003 | ES-MaACL | ||
| 005 | 20250805070309.0 | ||
| 007 | t| | ||
| 008 | 021114s1966 sp ||||1| spa d | ||
| 100 | 1 |
_aAcedo Mendoza, Carlos, _d1929-2012 _918217 |
|
| 245 | 1 | 0 |
_aVenezuela _b: ruta y destino / _cCarlos Acedo Mendoza ; con un prólogo de Rafael Caldera. |
| 260 |
_aBarcelona : _bAriel, _c[1966] |
||
| 300 |
_a1 v. : _bil. ; _c23 cm. |
||
| 500 | _aEs el vol. 1. | ||
| 651 | 4 |
_aVenezuela- _xSituación económica- _yS.XX. _9156608 |
|
| 651 | 4 |
_aVenezuela- _xSituación social- _yS.XX. _9156609 |
|
| 700 | 1 |
_aCaldera, Rafael. _933585 |
|
| 852 |
_aES-MaACL _jP-1130 _bR.61713 |
||
| 999 |
_c20537 _d20537 |
||